[Event "Thessaloniki White Tower op-C 41th"]
[Site "Thessaloniki"]
[Date "2019.01.05"]
[Round "3.1"]
[White "Arzoumanidis, Isaak"]
[Black "Skodras, Marios Konstantinos"]
[Result "1-0"]
[WhiteElo "1297"]
[BlackElo "1091"]
[PlyCount "85"]
[EventDate "2019.01.02"]
[EventType "swiss"]
[EventRounds "6"]
[EventCountry "GRE"]
[SourceTitle "EXT 2024"]
[Source "ChessBase"]
[SourceDate "2023.10.10"]
[SourceVersion "1"]
[SourceVersionDate "2023.10.10"]
[SourceQuality "1"]

1. e4 c5 2. Nf3 Nc6 3. c3 e5 4. Bc4 d6 5. d4 Bg4 6. d5 Na5 7. Bb5+ Bd7 8. Qa4 b6 9. Bxd7+ Qxd7 10. Qxd7+ Kxd7 11. 0-0 Nf6 12. Re1 Be7 13. Nbd2 h5 14. Nf1 h4 15. h3 Nh5 16. Ne3 g6 17. Bd2 Nf4 18. b3 Nd3 19. Rf1 b5 20. c4 b4 21. Kh2 Rhf8 22. Ne1 Nxe1 23. Raxe1 f5 24. f3 Bg5 25. Re2 Bf4+ 26. Kg1 Bg3 27. Be1 Nb7 28. Bxg3 hxg3 29. f4 exf4 30. Rxf4 Rae8 31. exf5 gxf5 32. Kf1 Re5 33. Ng4 Rxe2 34. Kxe2 Re8+ 35. Ne3 Re5 36. Rxf5 Re8 37. Rf7+ Kc8 38. Rg7 a5 39. Rxg3 Nd8 40. Rg7 Rh8 41. Nf5 Re8+ 42. Kd2 Nb7 43. Rxb7 1-0